| 000 | 00525nam a2200181 a 4500 | ||
|---|---|---|---|
| 001 | 34789 | ||
| 005 | 20180714003001.0 | ||
| 008 | 140415s1984 000 0 spa d | ||
| 020 | _a9682600529 | ||
| 041 | _aspa | ||
| 082 |
_a658.15937 _bSCH |
||
| 100 | 1 | _aSCHOLZ, WILLIAM | |
| 245 | 1 | 0 | _aADMINISTRACION LUCRATIVA DE HOTELES Y MOTELES |
| 260 |
_a[s.l.] : _bCIA. EDITORIAL CONTINENTAL, _c1984 |
||
| 300 | _a252 | ||
| 650 | 1 | 4 | _aADMINISTRACION HOTELERA |
| 700 | 1 |
_aUREÑA GUTIERREZ, GUILLERMO ENRIQUE _etr. |
|
| 999 |
_c34789 _d34789 |
||